Morir al sol /

Kaydedildi:
Detaylı Bibliyografya
Yazar: Oyervides de Espeso, Catalina (autor)
Materyal Türü: Kitap
Dil:İspanyolca
Baskı/Yayın Bilgisi: Guadalajara, México : editorial no identificada, 1986, c1986
Konular:
Etiketler: Etiketle
Etiket eklenmemiş, İlk siz ekleyin!

MARC

LEADER 00000nam^a2200000^a^4500
001 000319046
005 20250521000000.0
009 20260310113431.568
037 |a Acervo ITESO - Biblioteca 
041 |a ESP 
082 |a 861.  |b OYE 
100 |a Oyervides de Espeso, Catalina  |e (autor) 
245 1 0 |a Morir al sol /  |c C. Oyervides de Espeso ; pról. de Enrique Vargas Figueroa. 
264 4 |a Guadalajara, México :  |b editorial no identificada,  |c 1986, c1986 
300 |a 120 p. 
336 |a texto  |b txt  |2 rdacontenido 
337 |a sin mediación  |b n  |2 rdamedio 
338 |a volumen  |b nc  |2 rdasoporte 
649 |a XX 
650 |a Poesía Mexicana 
650 |a Literatura Mexicana -  |y Siglo XX 
650 |a Literatura de Mujeres -  |z México 
910 |a Fondo General 
920 |a Impresos - Libros 
930 |a Colección General 
940 |a Literatura 
905 |a 101 
901 |a 0500206213  |b IT1  |c LIT  |i D57366  |u 20250521 
902 |a https://opac.biblio.iteso.mx/vufind/Record/000319046